Recent Advancement of Thermal Fluid Engineering in the Supercritical CO<sub>2</sub> Power Cycle (Record no. 22513)

MARC details
000 -LEADER
fixed length control field 01040nam a2200121Ia 4500
008 - FIXED-LENGTH DATA ELEMENTS--GENERAL INFORMATION
fixed length control field 220620s9999||||xx |||||||||||||| ||und||
245 #0 - TITLE STATEMENT
Title Recent Advancement of Thermal Fluid Engineering in the Supercritical CO<sub>2</sub> Power Cycle
546 ## - LANGUAGE NOTE
Language note English[eng]
650 ## - SUBJECT ADDED ENTRY--TOPICAL TERM
Topical term or geographic name entry element emergency diesel generator||supercritical carbon dioxide cycle||waste heat recovery system||bottoming cycle||re-compression Brayton cycle||carbon dioxide||supercritical||thermodynamic||exergy||cycle simulation||design point analysis||radial-inflow turbine||supercritical carbon dioxide||air||rotor solidity||aerodynamic performance||centrifugal compressor||aerodynamic optimization design||numerical simulation||radial turbine||utility-scale||turbomachinery design||NET Power||supercritical CO2||heat exchanger||flow analysis||thermal stress analysis||LCoE||CSP||concentrated-solar power||axial turbine design||micro-scale turbomachinery design||n/a
700 ## - ADDED ENTRY--PERSONAL NAME
Personal name Lee, Jeong Ik||Sánchez, David
856 ## - ELECTRONIC LOCATION AND ACCESS
Uniform Resource Identifier <a href="https://mdpi.com/books/pdfview/book/2914">https://mdpi.com/books/pdfview/book/2914</a>
942 ## - ADDED ENTRY ELEMENTS (KOHA)
Koha item type E-Books
Holdings
Withdrawn status Lost status Damaged status Not for loan Home library Current library Date acquired Total Checkouts Date last seen Price effective from Koha item type
        Kerala University of Digital Sciences, Innovation and Technology Knowledge Centre Kerala University of Digital Sciences, Innovation and Technology Knowledge Centre 20/06/2022   20/06/2022 20/06/2022 E-Books